| 000 | 00742cam a2200205u 4500 | ||
|---|---|---|---|
| 001 | 000018412 | ||
| 005 | 20200929165511.0 | ||
| 008 | 840214s1930 fr 000 d fre d | ||
| 040 |
_aDO-SdBNP _bspa _cBNPHU |
||
| 100 | 1 |
_aMolière, Jean-Baptiste Poquelin _d1622-1673. _939866 |
|
| 245 | 1 | 0 |
_aOeuvres de Molière / _cMolière ; publiées avec des notices par Jacques Copeau. |
| 260 |
_aParis : _bLa Cité des Livres, _c1930. |
||
| 300 |
_a6 v. ; _c19 cm. |
||
| 500 | _aBiblioteca posee vol. 4, 5 y 8 | ||
| 600 | 1 | 4 |
_aMOLIÈRE, JEAN-BAPTISTE POQUELIN _d1622-1673 _xCOLECCIÓN DE ESCRITOS _939867 |
| 650 | 2 | 4 |
_aLiteratura francesa _91074 |
| 650 | 2 | 4 |
_aTeatro francés _95359 |
| 650 | 2 | 4 |
_aComedia francesa _913396 |
| 700 | 1 |
_aCopeau, Jacques _939868 |
|
| 999 |
_c17933 _d17933 |
||